Stati e Iniziali delle Capitali - Quiz n°2 - Statistics

Statistiche generali
  • Questo quiz è stato fatto 24 volte
  • Il punteggio medio è 7 su 10
Statistiche sulle risposte
Hint Risposta % Corretto
Monaco M
100%
Messico C
95%
Singapore S
95%
Arabia Saduita R
91%
Qatar D
86%
Mozambico M
68%
Uganda K
64%
Botswana G
55%
Birmania N
41%
Grenada S
32%
Nessun quiz corrispondente trovato
Distribuzione punteggi
Percentuale di utenti per punteggio
Percentile per numero di risposta
I tuoi punteggi nel tempo
Non hai fatto questo quiz